La OEA y el derecho internacional /

Bewaard in:
Bibliografische gegevens
Hoofdauteur: Siqueiros, José Luis
Formaat: Texto
Onderwerpen:
Tags: Voeg label toe
Geen labels, Wees de eerste die dit record labelt!

MARC

LEADER 00000 a a2200000 04500
001 16464
003
040
100 |a Siqueiros, José Luis  
245 |a La OEA y el derecho internacional /  |c José Luis Siqueiros 
650 |a OEA  
650 |a DERECHOS HUMANOS  
650 |a DERECHO INTERNACIONAL  
650 |a COOPERACION INTERNACIONAL  
650 |a ACUERDOS INTERNACIONALES  
650 |a ORGANIZACIONES INTERGUBERNAMENTALES  
773 |g número 54; páginas 37-67  
999 |c 35282  |d 35282